书目信息 |
| 书名: | WARM‘N WOOLY FRIENDS | |
| 作者: | RENEE MULLLINS | |
| 分册号: | ||
| 分册名: | 出版地: | USA |
|
| 出版社: | TOLE PAINT BOOKS | |
| 出版时间: | 2000 | |
| 页数: | 62P | |
| 开本: | 27CM | |
| 丛书名: | ||
| 中图分类号: | ||
| 科图分类号: | ||
| 其他分类号: | TS939 | |
| 主题词: | ||
| 电子资源: | ||
| 000 | 00381nam0 2200145 450 | |
| 001 | 202012002649 | |
| 005 | 20121129113139.0 | |
| 008 | 12112901s | |
| 020 | @a019884025382@c$12.95 | |
| 099 | @dTS939@eR399 | |
| 245 | 10 | @aWARM‘N WOOLY FRIENDS@cRENEE MULLLINS |
| 260 | 0 | @aUSA@bTOLE PAINT BOOKS@c2000 |
| 300 | @a62P@c27CM | |
| 905 | @b13345-6 | |
| 905 | @aTSG@dTS939@eR399 | |
| WARM‘N WOOLY FRIENDS / RENEE MULLLINS.-USA : TOLE PAINT BOOKS , 2000 |
| 62P ; 27CM |
| ISBN 019884025382$12.95 |
| ● |
| 相关链接 |
|
|
|
正题名:WARM'N WOOLY FRIENDS
索取号:TS939/R399
 
预约/预借
| 序号 | 登录号 | 条形码 | 馆藏地/架位号 | 状态 | 备注 |
| 1 | 13345 | 300133451 | 自科库501/400A自科库 33排2列3层/ [索取号:TS939/R399] | 在馆 | |
| 2 | 13346 | 300133460 | 自科库501/400A自科库 33排2列3层/ [索取号:TS939/R399] | 在馆 |